Регионална библиотека "Любен Каравелов" - Русе

Кобалт (Запис номер 324205)

MARC детайли
000 -Лидер
Контролно поле с фиксирана дължина 00982aam a2200241 a 4500
003 - Код на организацията, давaща контролен номер
Контролно поле BLK
005 - Дата и час на последна редакция
Контролно поле 20240418100837.0
008 - Елементи от данни с фиксирана дължина
fixed length control field 180918b bul||||| |||| 00| 0 bul d
020 ## - Международен стандартен номер на книга ISBN
Международен стандартен номер на книга ISBN 978-619-7082-35-7
040 ## - Източник на каталожния запис
Идентификатор на билиотеката - собственик на записа BLK
041 ## - Код за език
Код за езика на текст/звукозапис или на отделно заглавие Български
Код за езика КДБФ Български
080 ## - УДК
Текстов определител УДК Румънска литература
УДК код - определител по УДК 821.135.1
УДК определител -1
УДК - код + определител 821.135.1-1
100 ## - Редна дума - Автор
Автор Комартин, Клаудиу
Авторска отговорност първи автор
R(LIN) 1299
245 ## - Сведения за заглавието
Заглавие Кобалт
Редно поле (дума) Клаудиу Комартин ; прев. Лора Ненковска
260 ## - Област на издателските данни
Година на издаване 2017
9 (RLIN) 219884
Място на издаване, разпространение и проч. София
Име на издателя, разпространителя и проч. Изд. за поезия ДА
300 ## - Физическа характеристика
Страници 84 с.
Илюстрации и др. с портр.
Размери/Мащаб 23 см
380 ## - Жанр
Жанр Худож. лит.
500 ## - Общи забележки
Забележка Ориг. загл.: Cobalt / Claudiu Komartin. - За авт.: с. 74. - Речник: с. 75-76. - Кобалтова звезда / Лора Ненковска: с. 77-78
700 ## - Други автори (авторска отговорност)
Лично име Ненковска, Лора Георгиева
9 (RLIN) 334619
852 ## - Местоположение
Форматна сигнатура Цб 289998
Фондова буква Хранилище
999 ## - СИСТЕМНИ КОНТРОЛНИ НОМЕРА
Koha biblionumber 324205
Koha biblioitemnumber 324205
942 ## - АРТИКУЛИ
Вид на библиотечния материал Книги
Източник на класификационната схема Universal Decimal Classification
Скрит в OPAC Не
999 ## - СИСТЕМНИ КОНТРОЛНИ НОМЕРА
Koha biblioitemnumber 324205
944 ## - СЪЗДАВАНЕ И РЕДАКЦИЯ на ЗАПИСА
Служител, извършил регистрацията/редакцията 30560
Статус, дата на статуса Геновева Генчева
Наличности
Код за отписване Код за изгубен артикул Източник на класификационната схема Код за повреда Коз за рестрикции Код за отдаване Артикулен № Име на библиотеката - собственик Име на библиотеката, в която се намира в момента Статус (Текущо местоположение) Дата на вписване в системата Местоположение - отдел Цена в лева Инвентарен номер Систематично азбучна сигнатура Баркод Цена в евро Служебен тип на артикула
  Не е изгубен Universal Decimal Classification Не е повреден без рестрикции ползва се в читалня 680340 Регионална библиотека "Любен Каравелов" Русе Регионална библиотека "Любен Каравелов" Русе Хранилище 2018-09-15 Хранилище 12.00 120000823231 Цб 289998 120000823231 6.14 Книги
Vip Innovations Ltd, Rousse, Bulgaria 2025